[Event "Chania Theodorakis Memorial 4th"]
[Site "Chania"]
[Date "2025.04.26"]
[Round "8"]
[White "Benakis, Ioannis"]
[Black "Ergazakis, Ioannis"]
[Result "0-1"]
[WhiteElo "1809"]
[BlackElo "2189"]
[PlyCount "50"]
[EventDate "2025.04.21"]
[EventType "swiss"]
[EventRounds "9"]
[EventCountry "GRE"]
[SourceTitle "CB20_2025"]
[SourceDate "2025.05.14"]
[SourceVersion "1"]
[SourceVersionDate "2025.05.14"]
[SourceQuality "1"]

1. d4 Nf6 2. Bf4 d5 3. e3 c5 4. c3 Nc6 5. Nf3 Qb6 6. Qc2 g6 7. Nbd2 Bg7 8. h3 Bf5 9. Qc1 cxd4 10. exd4 Rc8 11. Be5 Nb4 12. g4 Bd3 13. g5 Nh5 14. Bxg7 Nxg7 15. cxb4 Rxc1+ 16. Rxc1 Bf5 17. a3 0-0 18. Be2 Ne6 19. Nb3 Be4 20. Nc5 Bxf3 21. Bxf3 Nxd4 22. Bxd5 Qd6 23. Bxb7 Qe5+ 24. Be4 Nf3+ 25. Kd1 Rd8+ 0-1

[Event "EU-ch Hybrid U12"]
[Site "Tornelo INT"]
[Date "2021.10.15"]
[Round "8"]
[White "Benakis, Ioannis"]
[Black "Pakkoutis, Nicolas"]
[Result "1-0"]
[WhiteElo "1243"]
[BlackElo "1162"]
[PlyCount "55"]
[EventDate "2021.10.15"]
[EventType "swiss"]
[EventRounds "9"]
[EventCountry "NET"]
[SourceTitle "EXT 2023"]
[Source "ChessBase"]
[SourceDate "2022.10.05"]
[SourceVersion "1"]
[SourceVersionDate "2022.10.05"]
[SourceQuality "1"]
[WhiteTeam "Greece"]
[BlackTeam "Zypern"]
[WhiteTeamCountry "GRE"]
[BlackTeamCountry "CYP"]

1. d4 d5 2. Nf3 c5 3. e3 Nc6 4. b3 Nf6 5. Bd3 Bg4 6. Bb2 e6 7. Nbd2 Bd6 8. h3 Bh5 9. Qe2 Qb6 10. g4 Bg6 11. Rc1 Ne4 12. Bb5 Nxd2 13. Bxc6+ Qxc6 14. Nxd2 cxd4 15. Bxd4 e5 16. Bb2 Rc8 17. c3 f6 18. Rg1 0-0 19. h4 h6 20. g5 fxg5 21. hxg5 hxg5 22. Rxg5 Rf6 23. Qg4 Bc7 24. Qxc8+ Kh7 25. c4 dxc4 26. Qh3+ Kg8 27. Rxc4 Qd7 28. Qxd7 1-0

[Event "GRE-chT Online Rapid op 1st"]
[Site "Tornelo INT"]
[Date "2021.02.21"]
[Round "6.22"]
[White "Benakis, Ioannis"]
[Black "Nomikos, Giorgos"]
[Result "1/2-1/2"]
[WhiteElo "1193"]
[BlackElo "1551"]
[PlyCount "192"]
[EventDate "2021.02.20"]
[EventType "team-swiss (rapid)"]
[EventRounds "9"]
[EventCountry "GRE"]
[SourceTitle "EXT 2023"]
[Source "ChessBase"]
[SourceDate "2022.10.05"]
[SourceVersion "1"]
[SourceVersionDate "2022.10.05"]
[SourceQuality "1"]

1. d4 d5 2. Nf3 e6 3. e3 f5 4. Bd3 Nf6 5. b3 Bd6 6. 0-0 0-0 7. Bb2 Ne4 8. Ne5 Nd7 9. f3 Nef6 10. f4 Ne4 11. Rf3 Qe8 12. Rh3 Rf6 13. Be2 b6 14. Nd2 Bb7 15. Nxe4 fxe4 16. Rg3 a5 17. Bb5 Bxe5 18. fxe5 Rf7 19. Be2 g6 20. Qe1 c6 21. Rh3 b5 22. Qg3 Qe7 23. Bh5 Rg7 24. Be2 Rf8 25. Rf1 Rxf1+ 26. Kxf1 Qf8+ 27. Kg1 Nb6 28. Rh4 Qe7 29. Qh3 Bc8 30. Qg3 Bd7 31. Rf4 Be8 32. Rf1 a4 33. h3 Bd7 34. Qe1 b4 35. Bc1 c5 36. g4 Be8 37. h4 Qc7 38. Rf6 Qe7 39. g5 Nd7 40. Rf2 Nb8 41. Bd2 Bc6 42. Rg2 Nd7 43. Qg3 Rf7 44. Bg4 c4 45. Qh3 Nf8 46. Qg3 c3 47. Be1 Bb5 48. Rf2 a3 49. Rxf7 Qxf7 50. Bh3 Kg7 51. Qg2 Nd7 52. Qg4 Nf8 53. Qg2 Ba6 54. Qf2 Qxf2+ 55. Bxf2 Be2 56. Be1 Bd1 57. Kf2 Bxc2 58. Ke2 Bd3+ 59. Kd1 Kf7 60. Kc1 Nd7 61. Bg4 Nb8 62. h5 Nc6 63. hxg6+ hxg6 64. Bd1 Ne7 65. Bc2 Nf5 66. Bf2 Bb5 67. Bd1 Bd3 68. Bc2 Bf1 69. Bd1 Ng7 70. Bg4 Ne8 71. Kc2 Bd3+ 72. Kc1 Nc7 73. Bd1 Nb5 74. Be1 Nc7 75. Bf2 Na8 76. Be1 Nb6 77. Bf2 Nd7 78. Be1 Nf8 79. Bf2 Nh7 80. Bh4 Nf8 81. Be1 Ke7 82. Bh4 Nd7 83. Be1 Nb8 84. Bc2 Na6 85. Bd1 Nc7 86. Bf2 Ne8 87. Be1 Ng7 88. Bf2 Nf5 89. Bg1 Kd7 90. Bf2 Kc6 91. Bg1 Bf1 92. Bf2 Kb5 93. Bg1 Kc6 94. Bf2 Bd3 95. Bg1 Nh4 96. Bf2 Nf5 1/2-1/2

[Event "GRE-chT Online Rapid op 1st"]
[Site "Tornelo INT"]
[Date "2021.02.20"]
[Round "2.16"]
[White "Apostolakakis, Ioannis"]
[Black "Benakis, Ioannis"]
[Result "1-0"]
[WhiteElo "1795"]
[BlackElo "1193"]
[PlyCount "85"]
[EventDate "2021.02.20"]
[EventType "team-swiss (rapid)"]
[EventRounds "9"]
[EventCountry "GRE"]
[SourceTitle "EXT 2023"]
[Source "ChessBase"]
[SourceDate "2022.10.05"]
[SourceVersion "1"]
[SourceVersionDate "2022.10.05"]
[SourceQuality "1"]

1. e4 e5 2. Nf3 Nc6 3. Bb5 Bc5 4. 0-0 Nf6 5. Nxe5 Nxe5 6. d4 Bxd4 7. Qxd4 Nc6 8. Bxc6 dxc6 9. Qxd8+ Kxd8 10. Rd1+ Ke7 11. f3 Be6 12. Bf4 Rac8 13. Nc3 h6 14. Rd2 g5 15. Be5 Rh7 16. Rad1 Nd7 17. Bg3 h5 18. b3 h4 19. Bf2 g4 20. f4 g3 21. hxg3 hxg3 22. Bxg3 f5 23. exf5 Bxf5 24. Ne4 Rg8 25. Ng5 Rh6 26. Re1+ Kf6 27. Bf2 c5 28. Ne4+ Kf7 29. Nxc5 Nxc5 30. Bxc5 Rc6 31. Re5 Kf6 32. c4 Rg4 33. Be7+ Kg6 34. Bg5 Ra6 35. Re7 Rc6 36. Rd8 Be6 37. Kf2 Kf5 38. Kf3 Ra6 39. Rde8 c5 40. Rxe6 Rxe6 41. Rxe6 Rxg5 42. Re5+ Kf6 43. Rxg5 1-0